Arts

Detalles Bibliográficos
Formato: Electrónico Revista
Lenguaje:inglés
Publicado: Basel : MDPI AG, [2012]-
Materias:
Acceso en línea:Full text available from Research Library: 03/01/2012 to present

MARC

LEADER 00000nas a2200000 i 4500
001 ssj0000913811
003 WaSeSS
005 20200512172242.0
006 m d
007 cr n
008 130723c20129999sz qr p s 0 a0eng c
010 |a  2014226055 
022 |a 2076-0752  |l 2076-0752 
035 |a (WaSeSS)ssj0000913811 
040 |a HUA  |b eng  |e pn  |c HUA  |d OCLCO  |d ZCU  |d JPG  |d OCLCF  |d OCLCO  |d CUS  |d OCLCA  |d AU@  |d UAB  |d U3W  |d VT2  |d WaSeSS 
042 |a pcc 
050 1 4 |a N1  |b .A85 
130 0 |a Arts (Basel, Switzerland) 
222 0 |a Arts  |b (Basel) 
245 1 0 |a Arts  |h [electronic resource]. 
260 |a Basel :  |b MDPI AG,  |c [2012]- 
310 |a Quarterly 
362 1 |a Began with volume 1, issue 1 (September 2012). 
506 |a License restrictions may limit access. 
588 |a Description based on: Volume 1, issue 1 (September 2012); title from journal home page (publisher's Web site, viewed May 28, 2014). 
588 |a Latest issue consulted: Volume 3, issue 2 (June 2014) (viewed May 28, 2014). 
650 0 |a Art  |v Periodicals. 
650 0 |a Performing arts  |v Periodicals. 
650 0 |a Multimedia (Art)  |v Periodicals. 
650 7 |a Art.  |2 fast  |0 (OCoLC)fst00815177 
650 7 |a Multimedia (Art)  |2 fast  |0 (OCoLC)fst01028916 
650 7 |a Performing arts.  |2 fast  |0 (OCoLC)fst01057887 
655 0 |a Electronic journals. 
856 4 0 |z Full text available from Research Library: 03/01/2012 to present  |u https://search.proquest.com/publication/2032432